[Event "POL-chT"]
[Site "Lubniewice"]
[Date "1995.??.??"]
[Round "9"]
[White "Grabarczyk, Miroslaw"]
[Black "Wojtkiewicz, Aleksander"]
[Result "1/2-1/2"]
[WhiteElo "2445"]
[BlackElo "2570"]

1.d4 d5 2.c4 c6 3.cxd5 cxd5 4.Nc3 Nf6 5.Bf4 Nc6 6.e3 a6 7.Bd3 Bg4 8.Nge2 e6
9.h3 Bh5 10.O-O Bd6 11.Qd2 Bxe2 12.Nxe2 O-O 13.Rfc1  1/2-1/2

[Event "POL-chT"]
[Site "Lubniewice"]
[Date "1995.??.??"]
[Round "10"]
[White "Wojtkiewicz, Aleksander"]
[Black "Urban, Klaudiusz"]
[Result "1-0"]
[WhiteElo "2570"]
[BlackElo "2470"]

1.Nf3 Nf6 2.c4 g6 3.g3 Bg7 4.Bg2 O-O 5.d4 c5 6.Nc3 d6 7.O-O Nc6 8.dxc5 dxc5
9.Bf4 Be6 10.Ne5 Na5 11.Qa4 Ne8 12.Rad1 Nd6 13.Nd5 Bxe5 14.Bxe5 Naxc4 15.Bc3 b5
16.Qc2 b4 17.Be1 Rc8 18.b3 Nb6 19.Nf4 Bd7 20.Qb2 Qc7 21.Bd2 Bc6 22.Bh3 Bd7
23.Bg2 Bc6 24.Rc1 Bxg2 25.Nxg2 Rfd8 26.Bxb4 Ne4 27.Ba5 Qd6 28.Ne3 Qe6 29.Rc2 h5
30.Qc1 Rd4 31.Ng2 Nd7 32.f3 Nef6 33.Bc3 Rd6 34.Nf4 Qf5 35.h4 c4 36.Bb4 Rdc6
37.Bxe7 Nb6 38.e4 Qe5 39.Bxf6 Qxf6 40.Qe3 cxb3 41.Rxc6 Rxc6 42.Qxb3 Qd4+
43.Kg2 Rc3 44.Ne2 Rxb3 45.Nxd4 Rd3 46.Nc6 Ra3 47.Rf2 Nc4 48.Kg1 a6 49.Rc2 Ne3
50.Rd2 Nc4 51.Rc2 Ne3 52.Re2 Rc3 53.Nd4 Rd3 54.Nb3 Nc4 55.Kg2 Ne5 56.Rf2 Rc3
57.Nd4 Rd3 58.Ne2 Ra3 59.Nf4 Nd3 60.Nxd3 Rxd3 61.Kh3 Kg7 62.g4 hxg4+ 63.Kxg4 Kf6
64.h5 gxh5+ 65.Kxh5 Ke5 66.Kg4 Ra3 67.Re2 f6 68.f4+ Ke6 69.Rb2 Ra5 70.Rb6+ Ke7
71.Rb7+ Ke8 72.Rb8+ Ke7 73.a4 Rxa4 74.Kf5 Ra5+ 75.Kg6 Rb5 76.Ra8 Rb6 77.Ra7+ Kf8
78.Rc7 Re6 79.Rc4 a5 80.f5 Ra6 81.e5 Ke7 82.e6 a4 83.Rc7+ Kd8 84.Rd7+ Ke8
85.Kxf6 a3 86.Rb7 Kd8 87.Kf7 Kc8 88.Rb1 a2 89.Rc1+  1-0

[Event "New York op"]
[Site "New York"]
[Date "1995.??.??"]
[Round "3"]
[White "Wojtkiewicz, Aleksander"]
[Black "Adams, Michael"]
[Result "1-0"]
[WhiteElo "2530"]
[BlackElo "2655"]

1.Nf3 d6 2.d4 Bg4 3.c4 Nd7 4.d5 e5 5.dxe6 Bxe6 6.e4 Ngf6 7.Nc3 Nc5 8.Qc2 g6
9.Be2 Bg7 10.O-O O-O 11.Nd4 Bd7 12.Rd1 Re8 13.f3 Nh5 14.Bf1 c6 15.Qf2 Qe7
16.g4 Nf6 17.Bf4 b6 18.b4 Nb7 19.b5 cxb5 20.cxb5 Rac8 21.Rac1 Rc5 22.Nc6 Qf8
23.Na4 Rxc1 24.Bxc1 Bxc6 25.bxc6 Na5 26.Ba3 Rc8 27.e5 Nxg4 28.fxg4 Bxe5 29.Nb2 Rxc6
30.Nd3 Qc8 31.Nxe5 dxe5 32.h3 Kg7 33.Bb2 Qe6 34.Qe3 Rc5 35.Bc1 Rc8 36.Ba6 Rf8
37.Bb2 Re8 38.Bb5 Nc4 39.Bxc4 Qxc4 40.Bxe5+ Kg8 41.Qh6 Qc5+ 42.Bd4  1-0

[Event "New York op"]
[Site "New York"]
[Date "1995.??.??"]
[Round "6"]
[White "Hracek, Zbynek"]
[Black "Wojtkiewicz, Aleksander"]
[Result "0-1"]
[WhiteElo "2595"]
[BlackElo "2530"]

1.e4 c5 2.Nc3 a6 3.Nge2 e6 4.d4 cxd4 5.Nxd4 d6 6.Bc4 b5 7.Bb3 Bb7 8.O-O Nd7
9.Bxe6 fxe6 10.Nxe6 Qc8 11.a4 b4 12.Nd5 Bxd5 13.Qh5+ g6 14.Qxd5 Nb6 15.Qb3 Nf6
16.Nxf8 Rxf8 17.Qxb4 Qc6 18.f3 Kf7 19.Bg5 a5 20.Qd4 d5 21.Rad1 Rac8 22.c3 Rfe8
23.Rf2 Rc7 24.Be3 Rb7 25.e5 Nfd7 26.f4 Kg8 27.Rdf1 Nc8 28.f5 Nxe5 29.fxg6 Nxg6
30.Bh6 Nd6  0-1

[Event "Odorheiu Secuiesc zt"]
[Site "Odorheiu Secuiesc"]
[Date "1995.??.??"]
[Round "1"]
[White "Delchev, Aleksander"]
[Black "Wojtkiewicz, Aleksander"]
[Result "1/2-1/2"]
[WhiteElo "2450"]
[BlackElo "2530"]

1.d4 Nf6 2.c4 e6 3.Nc3 Bb4 4.e3 b6 5.Ne2 c5 6.a3 Ba5 7.Bd2 O-O 8.g3 cxd4
9.exd4 Bxc3 10.Nxc3 d5 11.Bg5 Nbd7 12.cxd5 Bb7 13.Bg2 h6 14.Bxf6 Nxf6 15.Qb3 Nxd5
16.Nxd5 Bxd5 17.Bxd5 exd5 18.O-O  1/2-1/2

[Event "Odorheiu Secuiesc zt"]
[Site "Odorheiu Secuiesc"]
[Date "1995.??.??"]
[Round "4"]
[White "Wojtkiewicz, Aleksander"]
[Black "Ionescu, Constantin"]
[Result "1/2-1/2"]
[WhiteElo "2530"]
[BlackElo "2535"]

1.Nf3 Nf6 2.c4 e6 3.g3 a6 4.b3 c5 5.Bg2 b6 6.O-O Bb7 7.Nc3 d6 8.e3 Be7 9.Bb2 O-O
10.d4 cxd4 11.Nxd4 Bxg2 12.Kxg2 Qc8 13.f4 Nc6 14.Qf3 Nxd4 15.exd4 Qd7  1/2-1/2

[Event "Odorheiu Secuiesc zt"]
[Site "Odorheiu Secuiesc"]
[Date "1995.??.??"]
[Round "7"]
[White "Georgiev, Kiril"]
[Black "Wojtkiewicz, Aleksander"]
[Result "0-1"]
[WhiteElo "2625"]
[BlackElo "2530"]

1.d4 Nf6 2.c4 e6 3.Nc3 Bb4 4.e3 c5 5.Ne2 b6 6.a3 Ba5 7.g3 Bb7 8.d5 exd5 9.Bg2 Ba6
10.b4 cxb4 11.axb4 Bxb4 12.Bxd5 Nxd5 13.Qxd5 O-O 14.Qxa8 Qf6 15.Bd2 Nc6 16.Qxf8+ Bxf8
17.Rxa6 Ne5 18.Rxa7 Nd3+ 19.Kd1 Nxf2+ 20.Kc2 Nxh1 21.Nd4 Qf1 22.Rc7 Nf2 23.Rc8 Qd3+
24.Kc1 f6 25.Rd8 Qxc4 26.Rxd7 Qf1+ 27.Kb2 Nd3+ 28.Kc2 Nc5 29.Ra7 Qd3+ 30.Kc1 h5
31.Ra8 Kf7 32.Ra7+ Kg6 33.Ra8 Bd6 34.Kd1 Be5  0-1

[Event "Odorheiu Secuiesc zt"]
[Site "Odorheiu Secuiesc"]
[Date "1995.??.??"]
[Round "9"]
[White "Marin, Mihail"]
[Black "Wojtkiewicz, Aleksander"]
[Result "1/2-1/2"]
[WhiteElo "2540"]
[BlackElo "2530"]

1.Nf3 c5 2.c4 Nf6 3.Nc3 e6 4.g3 b6 5.Bg2 Bb7 6.O-O a6 7.Re1 Be7 8.e4 d6 9.d4 cxd4
10.Nxd4 Qc7 11.b3 Nbd7 12.Bb2 Rc8  1/2-1/2

[Event "Pardubice op"]
[Site "Pardubice"]
[Date "1995.??.??"]
[Round "?"]
[White "Novikov, Yury"]
[Black "Wojtkiewicz, Aleksander"]
[Result "0-1"]
[WhiteElo "2335"]
[BlackElo "2570"]

1.e4 c5 2.Ne2 Nf6 3.Nbc3 d6 4.g3 Nc6 5.Bg2 g6 6.d4 cxd4 7.Nxd4 Bd7 8.Nde2 Bg7
9.O-O O-O 10.h3 Rc8 11.Be3 a6 12.Nd5 Nxd5 13.exd5 Na5 14.Bd4 Bxd4 15.Nxd4 e5
16.dxe6 fxe6 17.b3 Qc7 18.c4 b5 19.cxb5 axb5 20.Qe2 e5 21.Bd5+ Kh8 22.Ne6 Bxe6
23.Bxe6 Rce8 24.Bd5 Qc5 25.Qe4 b4 26.Rac1 Qb6 27.Rc2 Rc8 28.Rfc1 Rc3 29.Kg2 Qd4
30.Qxd4 exd4 31.Be4 Rfc8 32.Kf1 d5 33.Bd3 Nb7 34.Rxc3 Rxc3 35.Rd1 Nc5 36.Bb5 d3
37.Be8 d4 38.Bb5 Kg7 39.h4 Kf6 40.Kg2 Kf5 41.Bc4 h6 42.Kf1 Ke4 43.Re1+ Kf5
44.Rd1 g5 45.hxg5 hxg5 46.f3 g4 47.fxg4+ Kxg4 48.Kg2 Rc2+ 49.Kf1 Kf3 50.Bxd3 Nxd3
51.Rxd3+ Ke4 52.Rd1 d3 53.g4 Ke3 54.Re1+ Kf3  0-1

[Event "Pardubice op"]
[Site "Pardubice"]
[Date "1995.??.??"]
[Round "?"]
[White "Valenta, Vit"]
[Black "Wojtkiewicz, Aleksander"]
[Result "1-0"]
[WhiteElo "2250"]
[BlackElo "2570"]

1.e4 c5 2.Nf3 d6 3.d4 cxd4 4.Nxd4 Nf6 5.Nc3 a6 6.a4 Nc6 7.Be2 g6 8.O-O Bg7
9.Be3 Bd7 10.f3 Rc8 11.Qd2 O-O 12.Nxc6 Bxc6 13.Nd5 Nd7 14.Ra2 Bxd5 15.exd5 Nb6
16.Bxb6 Qxb6+ 17.Kh1 Bxb2 18.Rb1 Qd4 19.Qxd4 Bxd4 20.Rxb7 Rb8 21.Rb3 Rfc8
22.g3 Rxb3 23.cxb3 Rc7 24.Kg2 a5 25.f4 Kg7 26.Bc4 h6 27.Rd2 Bf6 28.Rf2 Bd4
29.Rd2 Bc5 30.Re2 Kf6 31.h4 Rd7 32.Re4 e6 33.dxe6 d5 34.Re5 fxe6 35.Ba6 Bd6
36.Re3 Rc7 37.Bb5 Rc2+ 38.Kh3 Bb4 39.Rf3 Rc3 40.Kg2 Rc7 41.Rd3 Rc2+ 42.Kf3 Bc5
43.g4 g5 44.hxg5+ hxg5 45.f5 Rf2+ 46.Kg3 exf5 47.Rxd5 f4+ 48.Kh3 Rc2 49.Rf5+ Kg6
50.Rd5 Kf6 51.Rf5+ Ke6 52.Bc4+ Kd6 53.Rxg5 Rc3+ 54.Kh4 Bf2+ 55.Kh5 Rh3+ 56.Kg6 Be1
57.Rd5+ Kc6 58.Re5 Bd2 59.Rd5 Be1 60.Rf5 Bd2 61.g5 Kc7 62.Kf7 Rh7+ 63.Kg8 Rh5
64.Rd5 Bc3 65.g6 Rh1 66.Kf7 Rg1 67.Rf5  1-0

[Event "World op"]
[Site "Philadelphia"]
[Date "1995.??.??"]
[Round "5"]
[White "Wojtkiewicz, Aleksander"]
[Black "Adamson, Robby"]
[Result "1-0"]
[WhiteElo "2570"]
[BlackElo "2295"]

1.Nf3 Nf6 2.c4 g6 3.g3 Bg7 4.Bg2 c5 5.d4 cxd4 6.Nxd4 Nc6 7.Nc3 Nxd4 8.Qxd4 O-O
9.O-O d6 10.Qd3 a6 11.Be3 Ng4 12.Bd4 Ne5 13.Qd1 Rb8 14.Rc1 Be6 15.Nd5 Bxd5
16.Bxd5 Qd7 17.Bb6 Rfc8 18.b3 Bh6 19.e3 Qf5 20.f4 Nc6 21.Qd2 Re8 22.b4 Qd7
23.Rfd1 e6 24.Bf3 Bf8 25.a3 Ne7 26.Bd4 d5 27.cxd5 exd5 28.Bb2 Bg7 29.Bxg7 Kxg7
30.e4 Qa4 31.Qb2+ Kg8 32.exd5 Nf5 33.Re1 Nd6 34.Re5 Rbc8 35.Bg4 f5 36.Bd1 Qd7
37.Bb3 Rxc1+ 38.Qxc1 Rc8 39.Qd2 Ne4 40.Qb2 Nd6 41.Re6  1-0

[Event "World op"]
[Site "Philadelphia"]
[Date "1995.??.??"]
[Round "7"]
[White "Epishin, Vladimir"]
[Black "Wojtkiewicz, Aleksander"]
[Result "1/2-1/2"]
[WhiteElo "2640"]
[BlackElo "2570"]

1.d4 Nf6 2.c4 c6 3.Nc3 d5 4.Nf3 dxc4 5.a4 Bf5 6.Ne5 e6 7.f3 Bb4 8.e4 Bxe4
9.fxe4 Nxe4 10.Bd2 Qxd4 11.Nxe4 Qxe4+ 12.Qe2 Bxd2+ 13.Kxd2 Qd5+ 14.Kc3 Na6
15.Nxc4 O-O-O 16.Qe5 Nc5 17.Qxd5 cxd5 18.Ne5 Ne4+ 19.Kb4 Nd6 20.a5 f6 21.Nd3 e5
22.Nc5 Rhe8 23.g3 f5 24.Bg2 e4 25.a6 d4 26.axb7+ Nxb7 27.Rhc1 a5+ 28.Kb3 Kb8
29.Nxb7 Kxb7 30.Rxa5 d3 31.Rb5+ Ka6 32.Rxf5 Rb8+ 33.Ka3 e3 34.Rc6+ Rb6 35.Rc4 Rb5
36.Rc6+ Rb6 37.Rc4 Rb5 38.Rc6+  1/2-1/2

[Event "World op"]
[Site "Philadelphia"]
[Date "1995.??.??"]
[Round "8"]
[White "Zaichik, Gennadi"]
[Black "Wojtkiewicz, Aleksander"]
[Result "0-1"]
[WhiteElo "2520"]
[BlackElo "2570"]

1.Nf3 c5 2.g3 b6 3.e4 Bb7 4.d3 e6 5.Bg2 d6 6.O-O Nf6 7.Re1 Nbd7 8.h3 Be7
9.Nbd2 O-O 10.Nf1 c4 11.Nd4 cxd3 12.cxd3 Re8 13.b3 Rc8 14.Bb2 Bf8 15.Ne3 g6
16.Qd2 a6 17.Ne2 Bg7 18.Nc3 Bh6 19.Qd1 b5 20.b4 Bg7 21.Rc1 Nb6 22.Qb3 Re7
23.Ne2 Na4 24.Rxc8 Qxc8 25.Rc1 Rc7 26.Rxc7 Qxc7 27.Ba1 h5 28.Qc2 Qd8 29.h4 Ng4
30.Bxg7 Nxe3 31.Qc1 Kxg7 32.Qxe3 e5 33.Qc1 d5 34.d4 exd4 35.e5 Qe7 36.Qf4 d3
37.Nd4 d2 38.Qxd2 Qxe5 39.Kh2 Nb6 40.f4 Qf6 41.Nf3 Nc4 42.Qd4 Qxd4 43.Nxd4 Kf6
44.Kg1 Ke7 45.Kf2 Kd6 46.Bf1 Bc8 47.Bd3 Bd7 48.Bc2 a5 49.bxa5 Nxa5 50.f5 Ke5
51.fxg6 fxg6 52.Nf3+ Kf6 53.Ke3 Bg4 54.Nd4 b4 55.Kf4 Bd7 56.Bb3 Nc6 57.Nf3 Ne7
58.Nd4 Bf5 59.Nf3 Bd3 60.Ne5 Bb1 61.Nd7+ Ke6 62.Ne5  0-1

[Event "Rubinstein mem"]
[Site "Polanica Zdroj"]
[Date "1995.??.??"]
[Round "2"]
[White "Wojtkiewicz, Aleksander"]
[Black "Markowski, Tomasz"]
[Result "1-0"]
[WhiteElo "2570"]
[BlackElo "2530"]

1.Nf3 Nf6 2.c4 b6 3.g3 Bb7 4.Bg2 e6 5.O-O Be7 6.Nc3 O-O 7.d4 Na6 8.b3 d5
9.cxd5 Nxd5 10.Bb2 c5 11.Rc1 cxd4 12.Nxd4 Bg5 13.f4 Ne3 14.Bxb7 Nxd1 15.Rfxd1 Nc5
16.Bxa8 Bxf4 17.gxf4 Qxa8 18.Nf3 f6 19.Ba3 Rc8 20.Kf2 h6 21.Bxc5 Rxc5 22.e3 Rh5
23.Ne2 g5 24.Rg1 Kh8 25.h4 gxh4 26.Rc7 h3 27.Rgc1 Rc5 28.R7xc5 bxc5 29.Rxc5 Qe4
30.Rh5 Kh7 31.Rxh3 Qb1 32.Rh5 Qxa2 33.Rb5 Qc2 34.Rb7+ Kg6 35.b4 Qa2 36.b5 h5
37.Re7 Qd5 38.Ned4  1-0

[Event "Rubinstein mem"]
[Site "Polanica Zdroj"]
[Date "1995.??.??"]
[Round "7"]
[White "Ftacnik, Lubomir"]
[Black "Wojtkiewicz, Aleksander"]
[Result "1/2-1/2"]
[WhiteElo "2580"]
[BlackElo "2570"]

1.d4 d5 2.c4 c6 3.Nc3 Nf6 4.Nf3 dxc4 5.a4 Bf5 6.Ne5 e6 7.f3 Bb4 8.Bg5 c5
9.dxc5 Qd5 10.Qxd5 exd5 11.O-O-O Bxc3 12.bxc3 Nc6 13.g4 Nxe5 14.gxf5 Rc8
15.Bxf6 gxf6 16.Rxd5 Ke7 17.e4 Nxf3 18.Bxc4 Rhg8 19.Rhd1 Ne5 20.Bb3 Rc7 21.R1d2 Rgc8
22.Rg2 Rxc5 23.Rxc5 Rxc5 24.Rg3 Kf8 25.Kc2 b6 26.Bd5 Ra5 27.Bb3 h6 28.Rh3 Kg7
29.Kb2 Rc5 30.Bd5 Ra5 31.Kb3  1/2-1/2

[Event "Rubinstein mem"]
[Site "Polanica Zdroj"]
[Date "1995.??.??"]
[Round "9"]
[White "Sosonko, Gennadi"]
[Black "Wojtkiewicz, Aleksander"]
[Result "1/2-1/2"]
[WhiteElo "2525"]
[BlackElo "2570"]

1.d4 d5 2.Nf3 c6 3.c4 Nf6 4.Nc3 dxc4 5.a4 Bf5 6.e3 e6 7.a5 Bd3 8.Bxd3 cxd3
9.Qb3 Qc7 10.e4 Nbd7 11.O-O a6 12.Bg5 h6 13.Bh4 Nh5 14.Rfd1 g5 15.Bg3 Nxg3
16.hxg3 Bg7 17.Qc4 O-O 18.Qxd3 c5 19.d5  1/2-1/2

[Event "Rubinstein mem"]
[Site "Polanica Zdroj"]
[Date "1995.??.??"]
[Round "10"]
[White "Krasenkow, Michal"]
[Black "Wojtkiewicz, Aleksander"]
[Result "1/2-1/2"]
[WhiteElo "2590"]
[BlackElo "2570"]

1.d4 Nf6 2.c4 e6 3.Nf3 b6 4.a3 Bb7 5.Nc3 d5 6.Bg5 Be7 7.Bxf6 Bxf6 8.cxd5 exd5
9.Qb3 O-O 10.Rd1 Re8 11.g3 c5 12.Bg2 Nc6 13.dxc5 Ba6 14.O-O Bc4 15.Qc2 Bxc3
16.Qxc3 Bxe2 17.cxb6 Qxb6 18.Rxd5 Bxf1 19.Bxf1 Rac8 20.Bc4 Na5 21.Rg5 g6
22.Bxf7+ Kxf7 23.Qxa5 Qxa5 24.Rxa5 Re7 25.b4 Kg8 26.Ne5 Rc2 27.Kg2 Re6 28.h4 Ra2
29.a4 a6 30.Nd3 Rd6 31.Nf4 Kg7  1/2-1/2

[Event "Vienna op"]
[Site "Vienna"]
[Date "1995.??.??"]
[Round "1"]
[White "Spindelboeck, Gernot"]
[Black "Wojtkiewicz, Aleksander"]
[Result "0-1"]
[WhiteElo "2200"]
[BlackElo "2570"]

1.c4 c5 2.Nc3 Nf6 3.g3 e6 4.Nf3 b6 5.Bg2 Bb7 6.O-O a6 7.d4 cxd4 8.Nxd4 Bxg2
9.Kxg2 Qc7 10.Qd3 Nc6 11.b3 Ne5 12.Qc2 Rc8 13.Bb2 Be7 14.Rad1 O-O 15.e4 d6
16.Qe2 Rfe8 17.f4 Nc6 18.Nf3 Nd7 19.Rfe1 Qb7 20.h4 Nc5 21.h5 h6 22.g4 Qc7
23.g5 hxg5 24.fxg5 Nd7 25.Qe3 Nde5 26.Ne2 Nxf3 27.Kxf3 Ne5+ 28.Bxe5 dxe5
29.g6 Bc5 30.Qg5 Rf8 31.Kg2 f6 32.Qg4 f5 33.Qg5 Qb7 34.Ng3 f4 35.Qxe5 Rce8
36.Nf1 Rf5 37.Qc3 f3+ 38.Kh3 Rxh5+ 39.Kg4 Rh6 40.Kg5 Qe7+ 41.Kg4 Rf8  0-1

[Event "Vienna op"]
[Site "Vienna"]
[Date "1995.??.??"]
[Round "4"]
[White "Wojtkiewicz, Aleksander"]
[Black "Szalanczy, Emil"]
[Result "1-0"]
[WhiteElo "2570"]
[BlackElo "2420"]

1.Nf3 c5 2.c4 Nc6 3.d4 cxd4 4.Nxd4 g6 5.e4 Bg7 6.Be3 Nf6 7.Nc3 O-O 8.Be2 b6
9.Qd2 Bb7 10.f3 d6 11.O-O Rc8 12.Rac1 Rc7 13.Rfd1 Rd7 14.Bf1 Qa8 15.Ndb5 Rfd8
16.Qf2 h6 17.Rd2 g5 18.Nd5 e6 19.Nxf6+ Bxf6 20.Rcd1 d5 21.cxd5 exd5 22.exd5 Ne7
23.d6 Nf5 24.Bd3 Nxe3 25.Qxe3 Re8 26.Qf2 Re5 27.f4 gxf4 28.Qxf4 Bg7 29.Bf5 Rd8
30.Nc7 Qb8 31.Rd3 Bc8 32.Rg3 Bxf5 33.Rxg7+ Kxg7 34.Qxe5+ Kg6 35.Nd5 Rxd6
36.Nf4+  1-0

[Event "Vienna op"]
[Site "Vienna"]
[Date "1995.??.??"]
[Round "8"]
[White "Wojtkiewicz, Aleksander"]
[Black "Wittmann, Walter"]
[Result "1/2-1/2"]
[WhiteElo "2570"]
[BlackElo "2380"]

1.Nf3 Nf6 2.c4 g6 3.g3 Bg7 4.Bg2 O-O 5.d4 d5 6.cxd5 Nxd5 7.O-O Nb6 8.Nc3 Nc6
9.d5 Na5 10.e4 c6 11.Bg5 h6 12.Bf4 cxd5 13.exd5 Nac4 14.Qe2 g5 15.Bc1 Bg4
16.h3 Bh5 17.g4 Bg6 18.Rd1 Rc8 19.Nd4 Nd6 20.f4 gxf4 21.Bxf4 Nbc4 22.Kh1 Qa5  1/2-1/2

[Event "POL-ch"]
[Site "Warsaw"]
[Date "1995.??.??"]
[Round "1"]
[White "Grabarczyk, Bogdan"]
[Black "Wojtkiewicz, Aleksander"]
[Result "0-1"]
[WhiteElo "2375"]
[BlackElo "2530"]

1.e4 c5 2.Nf3 d6 3.d4 cxd4 4.Nxd4 Nf6 5.Nc3 a6 6.Bg5 e6 7.f4 Qc7 8.Qe2 Nc6
9.O-O-O Nxd4 10.Rxd4 Be7 11.Qd3 b5 12.Be2 Bb7 13.Rd1 Rc8 14.Bxf6 Bxf6 15.Rxd6 Be7
16.e5 Bxd6 17.exd6 Qd7 18.f5 exf5 19.Qe3+ Kf8 20.g4 h5 21.Bd3 hxg4 22.Bxf5 Qxf5
23.Qe7+ Kg8 24.d7 Rxh2 25.dxc8=Q+ Bxc8 26.Ne4 Be6 27.Qc7 Rh5 28.Ng3 Qg5+
29.Kb1 Rh3 30.Ne4 Qd5 31.Nf2 Qxa2+ 32.Kc1 Rh5  0-1

[Event "POL-ch"]
[Site "Warsaw"]
[Date "1995.??.??"]
[Round "4"]
[White "Oliwa, Marek"]
[Black "Wojtkiewicz, Aleksander"]
[Result "0-1"]
[WhiteElo "2405"]
[BlackElo "2530"]

1.d4 Nf6 2.Nf3 g6 3.Nc3 d5 4.Bf4 Bg7 5.e3 O-O 6.Be2 c5 7.Ne5 cxd4 8.exd4 Qb6
9.Qd2 Qxb2 10.Rb1 Qa3 11.Nb5 Qxa2 12.O-O Ne4 13.Qe1 Nc6 14.Ra1 Qb2 15.Rb1 Qxc2
16.Bd3 Qa4 17.Ra1 Nxe5 18.Rxa4 Nxd3 19.Qe3 Nxf4 20.Qxf4 Bd7 21.Rb4 a5 22.Rb2 Rfc8
23.Qe3 a4 24.h3 a3 25.Nxa3 Rc3 26.Qf4 Rcxa3 27.Rxb7 Be6 28.Rb8+ Rxb8 29.Qxb8+ Bf8
30.Rb1 Rc3 31.Qa7 Rc8 32.Rd1 h5 33.Qb7 h4 34.Qa7 Nd6 35.Qa3 Bg7 36.Qa7 Bf6
37.Rd3 Kg7 38.Kh1 Rc1+ 39.Kh2 Rc4 40.Kh1 Nb5  0-1

[Event "POL-ch"]
[Site "Warsaw"]
[Date "1995.??.??"]
[Round "15"]
[White "Wojtkiewicz, Aleksander"]
[Black "Grabarczyk, Miroslaw"]
[Result "1/2-1/2"]
[WhiteElo "2530"]
[BlackElo "2440"]

1.Nf3 Nf6 2.c4 e6 3.g3 b6 4.Bg2 Bb7 5.O-O Be7 6.Nc3 O-O 7.Re1 d5 8.cxd5 Nxd5
9.e4 Nxc3 10.bxc3 c5 11.d4 cxd4 12.cxd4 Nd7 13.Bb2 Rc8 14.d5 exd5 15.exd5 Bf6
16.Nd4 Ne5 17.Nf5 Ng6 18.Qd2 Bxb2 19.Qxb2 Qf6 20.Qxf6 gxf6 21.d6 Bxg2 22.Kxg2 Rfd8
23.Rad1 Rc5 24.g4 Nf4+ 25.Kg3 Ne6 26.Rc1 Kf8 27.Rxc5 Nxc5 28.Re3 Nb7 29.Rd3 Nc5
30.Re3 Nb7 31.Rd3 Nc5 32.Rd4 Ke8 33.Kg2 Kd7 34.Rf4  1/2-1/2

[Event "US op"]
[Site "Alexandria"]
[Date "1996.??.??"]
[Round "11"]
[White "Wojtkiewicz, Aleksander"]
[Black "Schwartzman, Gabriel"]
[Result "1-0"]
[WhiteElo "2550"]
[BlackElo "2510"]

1.d4 d5 2.c4 c6 3.Nc3 e5 4.e3 e4 5.Qb3 Nf6 6.Bd2 Be7 7.Nh3 O-O 8.cxd5 c5
9.dxc5 Bxc5 10.Ng5 Qe7 11.Qc2 Bf5 12.f3 Nbd7 13.Ngxe4 Nxe4 14.fxe4 Bg6 15.Bd3 Ne5
16.O-O Qh4 17.Rae1 Rae8 18.Bb5 Re7 19.g3 Qh6 20.Rf4 Bh5 21.Be2 g5 22.Rf2 Bxe2
23.Nxe2 Rc7 24.Nd4 Ng4 25.Rg2 Re8 26.Nf5 Qh5 27.Qa4 Nf6 28.d6 Rd7 29.Bc3 Rxe4
30.Qb5 Qg6 31.Qxc5 b6 32.Qb5 a6 33.Qf1  1-0

[Event "Bern op"]
[Site "Bern"]
[Date "1996.??.??"]
[Round "2"]
[White "Wojtkiewicz, Aleksander"]
[Black "Mahmuti, Mahmut"]
[Result "1-0"]
[WhiteElo "2550"]
[BlackElo "2205"]

1.Nf3 Nc6 2.d4 d5 3.Bf4 Bf5 4.e3 a6 5.c4 e6 6.Nc3 Nf6 7.Be2 Bd6 8.Bg5 Be7
9.Bxf6 Bxf6 10.cxd5 exd5 11.Qb3 Ne7 12.Qxb7 O-O 13.Qb3 Qd6 14.Na4 Rfb8 15.Qc3 Be4
16.Nc5 Bxf3 17.Bxf3 Rb6 18.O-O Bg5 19.Rac1 f5 20.g3 g6 21.Nd3 c6 22.Qc5 Qxc5
23.Rxc5 Bf6 24.Rfc1 Kf7 25.b4 Ke6 26.g4 Nc8 27.b5 Na7 28.bxc6 Nb5 29.Nb4 Kd6
30.c7 Rc8  1-0

[Event "Bern Cup"]
[Site "Bern"]
[Date "1996.??.??"]
[Round "3"]
[White "Wojtkiewicz, Aleksander"]
[Black "Fejzullahu, Afrim"]
[Result "1-0"]
[WhiteElo "2550"]
[BlackElo "2265"]

1.Nf3 c5 2.c4 g6 3.e4 Nc6 4.d4 cxd4 5.Nxd4 Bg7 6.Be3 d6 7.Nc3 Nf6 8.Be2 O-O
9.O-O Nxd4 10.Bxd4 Qa5 11.a3 Be6 12.b4 Qc7 13.Rc1 a6 14.Qd2 Rfc8 15.f3 Nd7
16.Be3 Bxc3 17.Rxc3 a5 18.Rfc1 b6 19.Bd4 axb4 20.axb4 f6 21.f4 Bf7 22.Rg3 Kh8
23.Rh3 Rg8 24.Bg4 Rad8 25.Qf2 b5 26.c5 dxc5 27.e5 fxe5 28.Rxc5 Nxc5 29.Bxe5+ Qxe5
30.fxe5 Be6 31.Qh4 h5 32.bxc5 Rd4 33.Qg5  1-0

[Event "Bern op"]
[Site "Bern"]
[Date "1996.??.??"]
[Round "3"]
[White "Neyer, Renato"]
[Black "Wojtkiewicz, Aleksander"]
[Result "0-1"]
[WhiteElo "2230"]
[BlackElo "2550"]

1.e4 c5 2.c3 d5 3.exd5 Qxd5 4.d4 g6 5.Nf3 Bg7 6.Be2 cxd4 7.cxd4 Nf6 8.Nc3 Qd8
9.O-O O-O 10.Bg5 Be6 11.Qd2 Nc6 12.Rfd1 Nd5 13.Bh6 Qa5 14.Bxg7 Kxg7 15.a3 Rad8
16.b4 Qc7 17.Rac1 Qf4 18.Bb5 Qxd2 19.Rxd2 Rc8 20.Nxd5 Bxd5 21.Rdc2 f6 22.Be2 Rcd8
23.b5 Na5 24.Nd2 Bf7 25.Rc7 Rxd4 26.Nf3 Re4 27.Bd3 Re6 28.Bb1 Rd8 29.h3 Kf8
30.Ba2 Red6 31.Bxf7 Rd1+ 32.Kh2 Rxc1 33.Rxc1 Kxf7 34.Rc3 Rd1 35.Kg3 Ke6 36.Kf4 Kd7
37.h4 Rb1 38.Rd3+ Ke8 39.a4 Rb4+ 40.Kg3 Rxa4 41.Rc3 Nc4 42.Rb3 Nd6 43.Rb2 Kd7
44.Kh3 h5 45.Rd2 Rb4  0-1

[Event "Bern op"]
[Site "Bern"]
[Date "1996.??.??"]
[Round "4"]
[White "Wojtkiewicz, Aleksander"]
[Black "Sofrigin, Alexej"]
[Result "1/2-1/2"]
[WhiteElo "2550"]
[BlackElo "2285"]

1.Nf3 Nf6 2.c4 c5 3.Nc3 e6 4.g3 b6 5.Bg2 Bb7 6.O-O Be7 7.d4 cxd4 8.Qxd4 d6
9.Rd1 a6 10.Bg5 Nbd7 11.Qd2 O-O 12.Bf4 Ne8 13.b3 Ra7 14.Ng5 Bxg2 15.Kxg2 h6
16.Nce4 e5 17.Be3 f5 18.Qd5+ Kh8 19.Nd2 Nc7 20.Qc6 Qa8 21.Qxa8 Raxa8 22.f3 b5
23.Rac1 Rfc8 24.Bf2 Nf6 25.Bb6 Rab8 26.Ba7 Ra8 27.Bb6 Rab8 28.Ba7 Ra8  1/2-1/2

[Event "Bern Cup"]
[Site "Bern"]
[Date "1996.??.??"]
[Round "5"]
[White "Gallagher, Joseph G"]
[Black "Wojtkiewicz, Aleksander"]
[Result "1-0"]
[WhiteElo "2525"]
[BlackElo "2550"]

1.e4 c5 2.Nf3 d6 3.d4 cxd4 4.Nxd4 Nf6 5.Nc3 Bd7 6.Be2 e5 7.Nb3 Bc6 8.Bg5 Nbd7
9.Qd3 Be7 10.O-O O-O 11.a4 a6 12.a5 Rc8 13.Rfd1 Re8 14.Bf3 Qc7 15.Nd2 Nc5
16.Qe3 Ne6 17.Bxf6 Bxf6 18.Nc4 Nd4 19.Qd3 Bg5 20.Nb6 Rb8 21.Bg4 g6 22.Ne2 Qd8
23.c4 h5 24.Nxd4 exd4 25.Bf3 Bf6 26.b4 Re5 27.Rab1 Qe8 28.Qxd4 Kg7 29.Qd2 Bxe4
30.Bxe4 Rxe4 31.Re1 Qe6 32.Rxe4 Qxe4 33.Re1 Qf5 34.Qe2 Bc3 35.Rd1 Qe5 36.Qd3 Re8
37.f4 Qf6 38.Nd5  1-0

[Event "Eupen op"]
[Site "Eupen"]
[Date "1996.??.??"]
[Round "?"]
[White "Wojtkiewicz, Aleksander"]
[Black "Remont, Leopold"]
[Result "1-0"]
[WhiteElo "2550"]
[BlackElo "2080"]

1.Nf3 Nf6 2.c4 e6 3.g3 b6 4.Bg2 Bb7 5.O-O c5 6.Nc3 Be7 7.Re1 O-O 8.e4 d6
9.d4 a6 10.d5 e5 11.Be3 Ne8 12.Rb1 Nd7 13.b4 Qc7 14.bxc5 bxc5 15.Re2 Nef6
16.Reb2 Rfb8 17.Qa4 Bc8 18.Qc6 Qa7 19.Nh4 Rxb2 20.Rxb2 Rb8 21.Nf5 Bf8 22.Rb3 Rxb3
23.axb3 Bb7 24.Qa4 Qb6 25.Bh3 Qc7 26.Bg5 g6 27.Nh6+ Kg7 28.Kg2 Nb6 29.Qa1 Bc8
30.Bxc8 Qxc8 31.Qa5 Nfd7 32.Ng4 Qb7 33.Bd8 h5 34.Ne3 f6 35.Na4 Nc8 36.Qc3 Kf7
37.Ba5 Ndb6 38.Nb2 Bh6 39.Nc2 Qd7 40.Nd3 h4 41.f3 Qe7 42.b4 Nd7 43.bxc5 Nxc5
44.Ncb4 Nxd3 45.Nxd3 Qb7  1-0

[Event "Eupen op"]
[Site "Eupen"]
[Date "1996.??.??"]
[Round "?"]
[White "Vaganian, Rafael A"]
[Black "Wojtkiewicz, Aleksander"]
[Result "1/2-1/2"]
[WhiteElo "2615"]
[BlackElo "2550"]

1.Nf3 c5 2.c4 Nf6 3.Nc3 e6 4.g3 b6 5.Bg2 Bb7 6.O-O a6 7.Re1 Be7 8.e4 d6 9.d4 cxd4
10.Nxd4 Qc7 11.Be3 Nbd7 12.f4 Rc8 13.Rc1 Qb8 14.Nd5 exd5 15.exd5 Kf8 16.Nc6 Bxc6
17.dxc6 Nc5 18.b4 Ne6 19.f5 Nc7 20.Bf4 Nfe8 21.Rc3 Bf6 22.Rd3 h6 23.h4 Kg8
24.Qh5 Rd8 25.Kh2 Be5 26.Bxe5 dxe5 27.Rxd8 Qxd8 28.Rd1 Qf6 29.Rd7 g6 30.Qg4 h5
31.Qg5 Qxg5 32.hxg5 gxf5 33.Bd5 Nxd5 34.cxd5 Kf8 35.a4 h4 36.d6 hxg3+ 37.Kxg3 Nxd6
38.Rxd6 Ke7 39.Rd7+ Ke6 40.b5 axb5 41.axb5 Rh1 42.Rb7 f4+ 43.Kg2  1/2-1/2

[Event "Geneve op"]
[Site "Geneve"]
[Date "1996.??.??"]
[Round "2"]
[White "Rotstein, Arkadij"]
[Black "Wojtkiewicz, Aleksander"]
[Result "1/2-1/2"]
[WhiteElo "2445"]
[BlackElo "2550"]

1.e4 c5 2.Nf3 d6 3.d4 cxd4 4.Nxd4 Nf6 5.Nc3 a6 6.Be2 e6 7.O-O Be7 8.f4 O-O
9.Be3 Qc7 10.Qe1 b5 11.a3 Bb7 12.Bf3 Nbd7 13.Qg3  1/2-1/2

[Event "Geneve op"]
[Site "Geneve"]
[Date "1996.??.??"]
[Round "3"]
[White "Wojtkiewicz, Aleksander"]
[Black "Hobuss, Udo"]
[Result "1/2-1/2"]
[WhiteElo "2550"]
[BlackElo "2360"]

1.Nf3 Nf6 2.c4 e6 3.g3 d5 4.Bg2 dxc4 5.Ne5 Nbd7 6.Nxc4 e5 7.O-O Bc5 8.b4 Bxb4
9.Nxe5 Nxe5 10.Qa4+ Nc6 11.Bxc6+ bxc6 12.Qxb4 Bh3 13.Re1 Qd5 14.f3 c5 15.Qh4 Qd4+
16.Qxd4 cxd4 17.d3 Be6 18.Ba3 O-O-O 19.Be7 Rd5 20.Bxf6 gxf6 21.Nd2 Rb5 22.Reb1 Rb6
23.Ne4 f5 24.Nc5 Rd8 25.Kf2 Rd5 26.Rc1 Rb2 27.f4 Rd6 28.a4 Bd5 29.Rab1 Rdb6
30.Rxb2 Rxb2 31.h3 h5 32.a5 c6 33.a6 Kc7 34.Na4 Ra2 35.Nc5 Kd6 36.Nb7+ Kc7
37.Nc5 Rb2 38.Na4 Rb4 39.Nc5 Rb2  1/2-1/2